| 000 | 00517cab a2200193 4500 | ||
|---|---|---|---|
| 001 | X485 | ||
| 008 | 090401t1993 xxu||||| |||| 00| 0 eng d | ||
| 035 | _a(Sirsi) u65919 | ||
| 041 | _aeng | ||
| 245 | _aRICS slates government plans for British Rail | ||
| 260 | _c1993 | ||
| 350 | _a0 | ||
| 490 |
_aCS Monthly : Planning and Development bulletin _v2(6) March 1993, 3(1) |
||
| 650 | _aBRITISH RAIL | ||
| 650 | _aRAIL PRIVATISATION | ||
| 690 | _aTRANSPORT AND COMMUNICATIONS | ||
| 942 | _n0 | ||
| 948 | _c04/03/1997 | ||
| 999 |
_c41173 _d41173 |
||